El futuro de la democracia /

Uloženo v:
Podrobná bibliografie
Hlavní autor: Bobbio, Norberto (autor)
Další autoři: Fernández Santillán, José (traducción) (traducción)
Médium: Kniha
Jazyk:španělština
Vydáno: México : Fondo de Cultura Económica, 1989, c1986
Edice:(Sección de Obras de Política y Derecho)
Témata:
Tagy: Přidat tag
Žádné tagy, Buďte první, kdo vytvoří štítek k tomuto záznamu!

MARC

LEADER 00000nam^a2200000^a^4500
001 000258676
005 20250521000000.0
009 20260526133522.752
020 |a 968-16-2250-2 
037 |a Acervo Xavier Clavigero 
041 |a ESP 
082 |a 320. 01  |b BOB 
100 |a Bobbio, Norberto  |e (autor) 
245 1 3 |a El futuro de la democracia /  |c N. Bobbio ; tr. de J. Fernández Santillán. 
264 4 |a México :  |b Fondo de Cultura Económica,  |c 1989, c1986 
300 |a 138 p. 
336 |a texto  |b txt  |2 rdacontenido 
337 |a sin mediación  |b n  |2 rdamedio 
338 |a volumen  |b nc  |2 rdasoporte 
440 1 |a (Sección de Obras de Política y Derecho) 
500 |a Traducción de: Il futuro della democrazia 
649 |a XX 
650 |a Democracia -  |x Tema Principal 
650 |a Crisis Política 
650 |a Dictadura 
650 |a Cambios Políticos 
650 |a Transición Política 
650 |a Sistema Político 
650 |a Liberalismo 
650 |a Filosofía Política 
650 |a Política -  |x Teoría 
700 |a Fernández Santillán, José  |e (traducción) 
910 |a Fondo General 
920 |a Impresos - Libros 
930 |a Colección General 
905 |a 101 
901 |a 028329  |b IT1  |c ACC  |i D  |u 20250521 
901 |a 034981  |b IT1  |c ACC  |i D  |u 20250521 
902 |a https://opac.biblio.iteso.mx/vufind/Record/000258676